000 00366 a2200169 4500
001 73164
020 _a9788508112340
040 _cAnchieta - Colégio São Paulo
100 _aSantos, Andrea Paula dos
240 1 0 _aHistória
_lpor
245 1 0 _aHistória
300 _a248
362 0 _a2007
440 1 _aÁtica
650 4 _aHistória do mundo
942 _cBK
999 _c73164
_d73164